Clubs championnat Football Français 21/22 - Statistiques

Statistiques générales
  • Ce quiz a été pris 545 fois
  • Le résultat moyen est 35 sur 58
Statistiques - réponses
LIGUE 1 % Correct
Paris SG
99%
Olympique de Marseille
98%
Olympique Lyonnais
96%
Girondins de Bordeaux
94%
AS Saint-Etienne
93%
LOSC Lille
93%
AS Monaco
91%
RC Lens
91%
FC Nantes
90%
Stade Rennais
90%
OGC Nice
89%
RC Strasbourg
88%
Toulouse FC
88%
FC Metz
84%
Stade Brestois 29
84%
Angers SCO
82%
Montpellier HSC
81%
Stade de Reims
81%
AC Ajaccio
80%
FC Lorient
80%
Paris FC
79%
Clermont Foot 63
78%
AJ Auxerre
76%
ES Troyes AC
73%
SC Bastia
73%
Le Havre AC
68%
Nimes Olympique
67%
AS Nancy
65%
Dijon FCO
64%
SM Caen
64%
Amiens SC
62%
FC Sochaux-Montbelliard
61%
En Avant Guingamp
56%
Quevilly-Rouen
56%
Red Star FC
56%
Grenoble FC38
55%
Valenciennes FC
55%
Pau FC
54%
USL Dunkerque
48%
Rodez AF
45%
Stade Lavalois
45%
Chamois Niortais
44%
Le Mans FC
43%
US Orléans
41%
FC Annecy
40%
CS Sedan
36%
LB Chateauroux
32%
US Concarneau
24%
FC Bourg en Bresse 01
22%
US Boulogne CO
21%
FC Villefranche Beaujolais
19%
FC Sète
18%
US Avranches MSM
16%
US Créteil Lusitanos
16%
FC Chambly
14%
Bastia-Borgo
13%
SO Cholet
13%
Stade Briochin
12%
Aucun quiz correspondant
Distribution des résultats
% des personnes avec chaque résultat
Percentile par nombre de réponses
Votre historique - résultats
Vous n’avez pas pris ce quiz